[Event "GER-chT Betriebe 18th"]
[Site "Altenberg Zinnwald"]
[Date "2018.11.11"]
[Round "7.2"]
[White "Grandt, Bernd"]
[Black "Jacobsen, Ruediger"]
[Result "1/2-1/2"]
[WhiteElo "1978"]
[BlackElo "1466"]
[PlyCount "78"]
[EventDate "2018.11.08"]
[EventType "team-swiss"]
[EventRounds "7"]
[EventCountry "GER"]
[SourceTitle "EXT 2020"]
[Source "ChessBase"]
[SourceDate "2019.10.17"]
[SourceVersion "1"]
[SourceVersionDate "2019.10.17"]
[SourceQuality "1"]
[WhiteTeam "Ludwigsfelde Stern"]
[BlackTeam "Bremen Airbus"]
[WhiteTeamCountry "GER"]
[BlackTeamCountry "GER"]

1. d4 Nf6 2. c4 g6 3. Nc3 Bg7 4. Nf3 0-0 5. e4 d6 6. Be2 c6 7. 0-0 Qc7 8. h3 Re8 9. Be3 Nbd7 10. Rc1 Nf8 11. Qd2 e5 12. d5 Nh5 13. Nh2 Nf4 14. Bxf4 exf4 15. Qxf4 Be5 16. Qd2 f5 17. exf5 Bxf5 18. Bg4 Qf7 19. Rce1 Nd7 20. f4 Bxc3 21. bxc3 c5 22. Rf2 Rxe1+ 23. Qxe1 Re8 24. Re2 Rxe2 25. Qxe2 Nb6 26. g3 Kf8 27. Nf3 Qe7 28. Ng5 Qxe2 29. Bxe2 h6 30. g4 Bb1 31. Ne6+ Ke7 32. a3 Ba2 33. g5 hxg5 34. fxg5 Nxc4 35. Bxc4 Bxc4 36. Nf4 Kf7 37. Kf2 a5 38. Ke3 b5 39. Kd2 b4 1/2-1/2

[Event "GER-chT Betriebe 18th"]
[Site "Altenberg Zinnwald"]
[Date "2018.11.08"]
[Round "1.2"]
[White "Kettenburg, Stefan"]
[Black "Jacobsen, Ruediger"]
[Result "1-0"]
[WhiteElo "2075"]
[BlackElo "1466"]
[PlyCount "41"]
[EventDate "2018.11.08"]
[EventType "team-swiss"]
[EventRounds "7"]
[EventCountry "GER"]
[SourceTitle "EXT 2020"]
[Source "ChessBase"]
[SourceDate "2019.10.17"]
[SourceVersion "1"]
[SourceVersionDate "2019.10.17"]
[SourceQuality "1"]
[WhiteTeam "Berlin Tempelhof"]
[BlackTeam "Bremen Airbus"]
[WhiteTeamCountry "GER"]
[BlackTeamCountry "GER"]

1. d4 Nf6 2. c4 g6 3. Nc3 Bg7 4. e4 d6 5. f4 0-0 6. Nf3 Bg4 7. Be2 c5 8. d5 Ne8 9. 0-0 Nd7 10. Be3 e5 11. dxe6 fxe6 12. Ng5 Bxe2 13. Qxe2 Qe7 14. Qg4 Nc7 15. Rae1 Bf6 16. Nf3 Nb6 17. e5 Bh8 18. exd6 Qxd6 19. Ne4 Qd3 20. Bxc5 Bd4+ 21. Bxd4 1-0

[Event "GER-chT Betriebe 16th"]
[Site "Dresden"]
[Date "2016.11.05"]
[Round "5.2"]
[White "Jacobsen, Ruediger"]
[Black "Hoffeins, Hans Werner"]
[Result "0-1"]
[WhiteElo "1524"]
[BlackElo "1441"]
[PlyCount "60"]
[EventDate "2016.11.03"]
[EventType "team-swiss"]
[EventRounds "7"]
[EventCountry "GER"]
[SourceTitle "EXT 2020"]
[Source "ChessBase"]
[SourceDate "2019.10.17"]
[SourceVersion "1"]
[SourceVersionDate "2019.10.17"]
[SourceQuality "1"]
[WhiteTeam "Bremen Airbus"]
[BlackTeam "Hamburg Baubehoerde II"]
[WhiteTeamCountry "GER"]
[BlackTeamCountry "GER"]

1. e4 d6 2. Nc3 g6 3. d4 Bg7 4. Nf3 Nf6 5. h3 0-0 6. Bc4 c6 7. 0-0 b5 8. Bd3 a5 9. Ne2 b4 10. c3 Ba6 11. Bxa6 Nxa6 12. Ng3 c5 13. Be3 Nd7 14. Qc2 Nb6 15. Rad1 Qc7 16. dxc5 dxc5 17. c4 a4 18. b3 a3 19. Ne2 Rad8 20. Nf4 Rxd1 21. Rxd1 e6 22. Nd3 Rd8 23. Nde1 Rxd1 24. Qxd1 Qd7 25. Qxd7 Nxd7 26. Nd3 Bf8 27. Nfe5 Nb6 28. Nc6 Nxc4 29. Bc1 Nb6 30. Na5 Nc7 0-1

[Event "GER-chT Betriebe 16th"]
[Site "Dresden"]
[Date "2016.11.05"]
[Round "6.1"]
[White "Jacobsen, Ruediger"]
[Black "Lau, Peter"]
[Result "1/2-1/2"]
[WhiteElo "1524"]
[BlackElo "1801"]
[PlyCount "28"]
[EventDate "2016.11.03"]
[EventType "team-swiss"]
[EventRounds "7"]
[EventCountry "GER"]
[SourceTitle "EXT 2020"]
[Source "ChessBase"]
[SourceDate "2019.10.17"]
[SourceVersion "1"]
[SourceVersionDate "2019.10.17"]
[SourceQuality "1"]
[WhiteTeam "Bremen Airbus"]
[BlackTeam "Stuttgart Sparkassen-Vers II"]
[WhiteTeamCountry "GER"]
[BlackTeamCountry "GER"]

1. e4 e6 2. Nc3 d5 3. Nf3 dxe4 4. Nxe4 Nd7 5. Be2 Ngf6 6. Ng3 Be7 7. d4 b6 8. 0-0 0-0 9. b3 Bb7 10. Bb2 c5 11. Ne5 cxd4 12. Nxd7 Qxd7 13. Qxd4 Qxd4 14. Bxd4 Rfd8 1/2-1/2

[Event "GER-chT Betriebe 16th"]
[Site "Dresden"]
[Date "2016.11.03"]
[Round "1.2"]
[White "Gerighausen, Karl Heinz"]
[Black "Jacobsen, Ruediger"]
[Result "1-0"]
[WhiteElo "1879"]
[BlackElo "1524"]
[PlyCount "51"]
[EventDate "2016.11.03"]
[EventType "team-swiss"]
[EventRounds "7"]
[EventCountry "GER"]
[SourceTitle "EXT 2020"]
[Source "ChessBase"]
[SourceDate "2019.10.17"]
[SourceVersion "1"]
[SourceVersionDate "2019.10.17"]
[SourceQuality "1"]
[WhiteTeam "Duesseldorf Provinzial"]
[BlackTeam "Bremen Airbus"]
[WhiteTeamCountry "GER"]
[BlackTeamCountry "GER"]

1. d4 Nf6 2. Nf3 g6 3. Bg5 Bg7 4. e3 d6 5. c4 0-0 6. Nc3 c6 7. Be2 Re8 8. 0-0 Qc7 9. Rc1 Nbd7 10. b4 e5 11. c5 d5 12. Qa4 e4 13. Nd2 Nf8 14. Bxf6 Bxf6 15. Nxd5 Qd8 16. Nxf6+ Qxf6 17. b5 Bd7 18. bxc6 Bxc6 19. Bb5 Bxb5 20. Qxb5 Rab8 21. Rfd1 Qf5 22. Nc4 Qd5 23. Nd6 Red8 24. Qc4 Rxd6 25. cxd6 Qxd6 26. Qc7 1-0

[Event "GER-chT Betriebe 14th"]
[Site "Dresden"]
[Date "2014.11.21"]
[Round "3.1"]
[White "Jacobsen, Ruediger"]
[Black "Wirth, Volker"]
[Result "1-0"]
[WhiteElo "1518"]
[BlackElo "1717"]
[PlyCount "39"]
[EventDate "2014.11.20"]
[EventType "team-swiss"]
[EventRounds "7"]
[EventCountry "GER"]
[SourceTitle "EXT 2020"]
[Source "ChessBase"]
[SourceDate "2019.10.17"]
[SourceVersion "1"]
[SourceVersionDate "2019.10.17"]
[SourceQuality "1"]
[WhiteTeam "Bremen Airbus"]
[BlackTeam "Stuttgart Sparkassen-Vers II"]
[WhiteTeamCountry "GER"]
[BlackTeamCountry "GER"]

1. e4 c5 2. Nc3 d6 3. Bc4 Nf6 4. d3 a6 5. a3 b5 6. Ba2 Bb7 7. Nf3 Nbd7 8. 0-0 e6 9. Ne2 Be7 10. Ng3 0-0 11. Bd2 Qc7 12. Re1 Rfd8 13. Rc1 a5 14. Bb1 b4 15. a4 Nb6 16. c4 d5 17. e5 Ne8 18. Qc2 dxc4 19. dxc4 Bxf3 20. Qxh7+ 1-0